| 000 | 00803nam a2200229 c 4500 | ||
|---|---|---|---|
| 001 | 190435 | ||
| 003 | ES-MaACL | ||
| 005 | 20250603184616.0 | ||
| 008 | 210330s2017 sp 001 0 spa | ||
| 020 | _a978-84-670-4912-1 | ||
| 080 | _a32(460)"2011/18" | ||
| 100 | 1 |
_aCintora, Jesús ( _d1977-) _9171134 |
|
| 245 | 1 | 0 |
_aConspiraciones : _b¿por qué no gobernó la izquierda? / _cJesús Cintora. |
| 260 |
_aBarcelona : _bEspasa Libros, _c[2017] |
||
| 300 |
_a390 p. ; _c23 cm. |
||
| 651 | 7 |
_aEspaña- _xPolítica y gobierno- _y2011- _2 _9154170 |
|
| 852 | 4 |
_aES-MaACL _jA-14635 _9197612 _bR.152149 _cDEPO1 _dOlim: N-7635 _hDonación: José Lázaro |
|
| 903 |
_9234219 _aLázaro García, José _ednr |
||
| 942 |
_2udc _cMONOGRAFIA |
||
| 999 |
_c190435 _d190435 |
||